Guatemala-Estados Unidos; informe preliminar

Guardado en:
Bibliografiske detaljer
Format: Texto
Udgivet: s.l.: s.e
Tags: Tilføj Tag
Ingen Tags, Vær først til at tagge denne postø!

MARC

LEADER 00000 a a2200000 04500
001 23959
003
040
090 |a 169400  
245 |a Guatemala-Estados Unidos; informe preliminar  
260 |a s.l.:   |b s.e  
300 |a 22 p.  
999 |c 10624  |d 10624